[Event "Montevideo Duchamp Cup 7th"]
[Site "Montevideo"]
[Date "2024.02.08"]
[Round "8"]
[White "Kulik, Nicolas"]
[Black "Munoz Perez, Rolando"]
[Result "1-0"]
[WhiteElo "1862"]
[BlackElo "2123"]
[PlyCount "171"]
[EventDate "2024.02.01"]
[EventType "swiss"]
[EventRounds "9"]
[EventCountry "URU"]
[SourceTitle "CB07_2024"]
[SourceDate "2024.02.14"]
[SourceVersion "1"]
[SourceVersionDate "2024.02.14"]
[SourceQuality "1"]

1. e4 c5 2. Nf3 e6 3. d4 cxd4 4. Nxd4 Qb6 5. Be3 Bc5 6. Na3 d5 7. Bb5+ Nc6 8. exd5 exd5 9. Nxc6 bxc6 10. Bxc5 Qxc5 11. Qe2+ Ne7 12. Bd3 0-0 13. 0-0 Ng6 14. Qd2 Be6 15. Rfd1 a5 16. c3 Rab8 17. Rab1 Ne5 18. Bc2 Ng4 19. h3 Nf6 20. Qd4 Qxd4 21. Rxd4 c5 22. Ra4 Ra8 23. b3 g5 24. Bd3 Rfb8 25. Bb5 Ne4 26. Rc1 Nd6 27. c4 d4 28. Re1 h6 29. Kf1 Kg7 30. Bc6 Ra6 31. Bb5 Ra7 32. Bc6 Rb4 33. Bb5 Kf6 34. Nc2 Nxb5 35. Nxb4 cxb4 36. cxb5 Bd7 37. b6 Bb5+ 38. Kg1 Rb7 39. Rxa5 Rxb6 40. Re4 d3 41. Rxb4 Rd6 42. Rbxb5 d2 43. Rf5+ Ke6 44. Rae5+ Kd7 45. Rd5 Kc6 46. Kf1 d1Q+ 47. Rxd1 Rxd1+ 48. Ke2 Ra1 49. Rxf7 Rxa2+ 50. Kf3 Rb2 51. Rf6+ Kd5 52. Rxh6 Rxb3+ 53. Kg4 Rb2 54. Kg3 Ke5 55. Rh5 Kf6 56. h4 gxh4+ 57. Rxh4 Kg5 58. Rg4+ Kh5 59. Ra4 Rb5 60. f3 Kg5 61. Rg4+ Kh5 62. Rg8 Rb3 63. Kh3 Rb1 64. g4+ Kh6 65. Kg3 Rb3 66. Rc8 Ra3 67. Rc5 Rb3 68. Re5 Ra3 69. Kf4 Kg6 70. Re6+ Kf7 71. Rb6 Ra4+ 72. Kg3 Ra3 73. g5 Rc3 74. Kg4 Rc1 75. f4 Rc4 76. Rf6+ Kg7 77. Kh5 Rc1 78. Ra6 Rh1+ 79. Kg4 Rb1 80. Ra7+ Kg8 81. f5 Rg1+ 82. Kh5 Rb1 83. Kg6 Rb8 84. f6 Rc8 85. Rg7+ Kf8 86. Rh7 1-0

[Event "Montevideo Duchamp Cup 7th"]
[Site "Montevideo"]
[Date "2024.02.04"]
[Round "4"]
[White "Hoffman, Alejandro"]
[Black "Munoz Perez, Rolando"]
[Result "1-0"]
[WhiteElo "2361"]
[BlackElo "2123"]
[PlyCount "95"]
[EventDate "2024.02.01"]
[EventType "swiss"]
[EventRounds "9"]
[EventCountry "URU"]
[SourceTitle "CB07_2024"]
[SourceDate "2024.02.14"]
[SourceVersion "1"]
[SourceVersionDate "2024.02.14"]
[SourceQuality "1"]

1. Nf3 Nf6 2. c4 c5 3. g3 b6 4. Bg2 Bb7 5. 0-0 e6 6. Nc3 d6 7. Re1 Be7 8. e4 Nbd7 9. d4 cxd4 10. Nxd4 Qc7 11. Be3 a6 12. Rc1 0-0 13. f4 Rfe8 14. Bf2 Bf8 15. b4 Rac8 16. Nb3 Qb8 17. Nd2 g6 18. Bh3 Bc6 19. Nb3 Bg7 20. Qe2 Re7 21. g4 Ne8 22. Bh4 Bf6 23. g5 Bg7 24. Bf2 Ba8 25. Nd2 b5 26. a3 Nb6 27. c5 dxc5 28. Bxc5 Rxc5 29. bxc5 Bd4+ 30. Kh1 Bxc3 31. Rxc3 Na4 32. Rf3 Nxc5 33. Rc1 Qd6 34. Bg2 Qd4 35. Rfc3 Na4 36. Rd3 Qb6 37. Qe3 Qxe3 38. Rxe3 Nc7 39. Rd3 Kg7 40. Rd8 Bb7 41. Nb3 h6 42. Na5 hxg5 43. Nxb7 gxf4 44. Nd6 Kh6 45. Rc8 Rd7 46. R8xc7 Rxd6 47. Ra7 f3 48. Bxf3 1-0

[Event "Montevideo Duchamp Cup 7th"]
[Site "Montevideo"]
[Date "2024.02.03"]
[Round "3"]
[White "Munoz Perez, Rolando"]
[Black "Schnaider, Ilan"]
[Result "1/2-1/2"]
[WhiteElo "2123"]
[BlackElo "2323"]
[PlyCount "65"]
[EventDate "2024.02.01"]
[EventType "swiss"]
[EventRounds "9"]
[EventCountry "URU"]
[SourceTitle "CB07_2024"]
[SourceDate "2024.02.14"]
[SourceVersion "1"]
[SourceVersionDate "2024.02.14"]
[SourceQuality "1"]

1. c4 Nf6 2. Nc3 c6 3. e3 d5 4. Nf3 e6 5. b3 Nbd7 6. Bb2 Bd6 7. d4 b6 8. Bd3 Bb7 9. 0-0 0-0 10. Qe2 h6 11. Rfd1 Qe7 12. e4 dxe4 13. Nxe4 Nxe4 14. Qxe4 Nf6 15. Qh4 Ba3 16. Bc3 c5 17. Ne5 cxd4 18. Bxd4 Rad8 19. Bc2 Ne4 20. Qxe7 Bxe7 21. Kf1 Ba3 22. f3 Nf6 23. Bc3 a5 24. Ke2 Ba6 25. g4 Nd5 26. Bd4 Bc5 27. Bb2 Nf4+ 28. Ke1 Ng2+ 29. Ke2 Nf4+ 30. Ke1 Bb4+ 31. Kf2 Bc5+ 32. Kf1 Nd5 33. Ke2 1/2-1/2

[Event "Montevideo Duchamp Cup 7th"]
[Site "Montevideo"]
[Date "2024.02.02"]
[Round "2"]
[White "Fernandez Rodriguez, Antonio"]
[Black "Munoz Perez, Rolando"]
[Result "0-1"]
[WhiteElo "1790"]
[BlackElo "2123"]
[PlyCount "92"]
[EventDate "2024.02.01"]
[EventType "swiss"]
[EventRounds "9"]
[EventCountry "URU"]
[SourceTitle "CB07_2024"]
[SourceDate "2024.02.14"]
[SourceVersion "1"]
[SourceVersionDate "2024.02.14"]
[SourceQuality "1"]

1. e4 c5 2. Nf3 e6 3. d4 cxd4 4. Nxd4 Qb6 5. Nb3 Nc6 6. Be3 Qc7 7. Nc3 a6 8. Bd3 Nf6 9. a3 d6 10. 0-0 Be7 11. f4 h5 12. h3 b5 13. Qf3 Bb7 14. Qg3 h4 15. Qxg7 Rh7 16. Qg5 Rh5 17. Qg7 Rh7 18. Qg5 Kf8 19. e5 Ne8 20. exd6 Nxd6 21. Qg4 Rg7 22. Qe2 Na5 23. Rf2 Nac4 24. Bd4 Rg8 25. Ne4 Nf5 26. Bf6 Ng3 27. Bxe7+ Qxe7 28. Nxg3 hxg3 29. Rff1 Nxb2 30. Be4 Nc4 31. Qf3 Bxe4 32. Qxe4 Rc8 33. a4 b4 34. Rad1 a5 35. Nd4 Qc5 36. Kh1 Nd6 37. Qxe6 fxe6 38. Nxe6+ Ke7 39. Nxc5 Rxc5 40. Rfe1+ Kd7 41. Re5 Rgc8 42. Rd3 Rc3 43. Red5 Rxd3 44. Rxd3 Rc3 45. Rd2 b3 46. Kg1 bxc2 0-1

[Event "Montevideo Integracion 2nd"]
[Site "Montevideo"]
[Date "2022.12.02"]
[Round "7"]
[White "Munoz Perez, Rolando"]
[Black "Carbone, Diego"]
[Result "0-1"]
[WhiteElo "2171"]
[BlackElo "2316"]
[PlyCount "125"]
[EventDate "2022.11.28"]
[EventType "tourn"]
[EventRounds "9"]
[EventCountry "URU"]
[EventCategory "3"]
[SourceTitle "CBM 211 Extra"]
[Source "ChessBase"]
[SourceDate "2023.01.31"]
[SourceVersion "1"]
[SourceVersionDate "2023.01.31"]
[SourceQuality "1"]

1. Nf3 Nf6 2. b3 g6 3. Bb2 Bg7 4. g3 c5 5. c4 Nc6 6. Bg2 d6 7. 0-0 e5 8. Nc3 Be6 9. d3 0-0 10. e3 h6 11. d4 exd4 12. exd4 d5 13. cxd5 Nxd5 14. Na4 b6 15. dxc5 Bxb2 16. Nxb2 Qf6 17. Nc4 Rad8 18. Qc1 Bg4 19. Ncd2 Nc3 20. Qa3 Rd3 21. cxb6 axb6 22. Qa6 Rfd8 23. Qxb6 Rxf3 24. Nxf3 Bxf3 25. Qe3 Ne2+ 26. Kh1 Ned4 27. Rac1 Kg7 28. Rc3 Bxg2+ 29. Kxg2 Rd5 30. Rfc1 Qd6 31. Qe4 Qd7 32. Rc5 Rd6 33. R1c3 Re6 34. Qd5 Qb7 35. Re3 Rf6 36. f3 Qa7 37. b4 Nf5 38. Re8 Nfe7 39. Qd2 Nf5 40. Rd5 Nfd4 41. Re3 Nf5 42. Re4 h5 43. b5 Nce7 44. Rd7 Qc5 45. a4 Nc8 46. Rd5 Qa3 47. Rd3 Qf8 48. Rd8 Qc5 49. Rd5 Qa3 50. Rd3 Qf8 51. a5 Ncd6 52. Rb4 Re6 53. Qc3+ Kh7 54. Rb2 Qe8 55. Rdd2 Ne3+ 56. Kf2 Nxb5 57. Qc5 Re5 58. Qb4 Qc6 59. Qf8 Rf5 60. f4 Ng4+ 61. Kg1 Qc1+ 62. Kg2 Nc3 63. Qb4 0-1

[Event "Montevideo Integracion 2nd"]
[Site "Montevideo"]
[Date "2022.11.30"]
[Round "3"]
[White "Munoz Perez, Rolando"]
[Black "Coppola, Claudio"]
[Result "0-1"]
[WhiteElo "2171"]
[BlackElo "2302"]
[PlyCount "56"]
[EventDate "2022.11.28"]
[EventType "tourn"]
[EventRounds "9"]
[EventCountry "URU"]
[EventCategory "3"]
[SourceTitle "CBM 211 Extra"]
[Source "ChessBase"]
[SourceDate "2023.01.31"]
[SourceVersion "1"]
[SourceVersionDate "2023.01.31"]
[SourceQuality "1"]

1. Nf3 c5 2. b3 d5 3. Bb2 f6 4. e3 e5 5. Nxe5 fxe5 6. Qh5+ Ke7 7. Qxe5+ Be6 8. Bd3 Nf6 9. 0-0 Nc6 10. Qg5 Nb4 11. Nc3 Nxd3 12. cxd3 Kd7 13. Rac1 Ng4 14. Qh5 g6 15. Qh3 Ne5 16. Qg3 Nxd3 17. Rc2 Bd6 18. f4 Rf8 19. Qf3 Qb6 20. Nxd5 Bxd5 21. Qxd5 Nb4 22. Qc4 Nxc2 23. Qxc2 Rae8 24. Rf3 Qc6 25. Rg3 Qe4 26. Qd1 Qd3 27. Bc3 Kc8 28. h3 Rxf4 0-1

[Event "Montevideo Duchamp Cup 4th"]
[Site "Montevideo"]
[Date "2020.02.15"]
[Round "9"]
[White "Munoz Perez, Rolando"]
[Black "Vitoux, Colomban"]
[Result "1/2-1/2"]
[WhiteElo "2095"]
[BlackElo "2377"]
[PlyCount "92"]
[EventDate "2020.02.08"]
[EventType "swiss"]
[EventRounds "9"]
[EventCountry "URU"]
[SourceTitle "CBM 194 Extra"]
[Source "ChessBase"]
[SourceDate "2020.03.31"]
[SourceVersion "1"]
[SourceVersionDate "2020.03.31"]
[SourceQuality "1"]

1. d4 Nf6 2. c4 g6 3. Nc3 d5 4. Nf3 Bg7 5. Bg5 Ne4 6. cxd5 Nxg5 7. Nxg5 c6 8. Nf3 cxd5 9. Qb3 e6 10. e3 Nc6 11. Be2 0-0 12. 0-0 Na5 13. Qc2 Bd7 14. Rac1 Qe7 15. Bb5 Bxb5 16. Nxb5 a6 17. Nc3 Rfc8 18. b3 Rc6 19. Qb2 Rac8 20. Ne2 f6 21. Rfd1 Bf8 22. Rxc6 Rxc6 23. Rc1 Qc7 24. Rxc6 Nxc6 25. Qc2 Qa5 26. g3 Bb4 27. e4 Kf7 28. Nf4 Bd6 29. exd5 exd5 30. Nd3 Qb6 31. Qc3 Qd8 32. Nc5 Qe7 33. Nxa6 Qe4 34. Nc5 Bxc5 35. dxc5 d4 36. Qc4+ Kg7 37. Nd2 Qe1+ 38. Nf1 Ne5 39. Qd5 d3 40. Kg2 Kh6 41. h3 g5 42. a3 Qc3 43. Qd6 Kg6 44. Qd5 Kh6 45. Qd6 Kg6 46. Qd5 Kh6 1/2-1/2

[Event "Montevideo Duchamp Cup 3rd"]
[Site "Montevideo"]
[Date "2019.02.15"]
[Round "8"]
[White "Munoz Perez, Rolando"]
[Black "Moreno, Nelson"]
[Result "1-0"]
[WhiteElo "2122"]
[BlackElo "1682"]
[PlyCount "39"]
[EventDate "2019.02.09"]
[EventType "swiss"]
[EventRounds "9"]
[EventCountry "URU"]
[SourceTitle "CBM 189 Extra"]
[Source "ChessBase"]
[SourceDate "2019.06.03"]
[SourceVersion "1"]
[SourceVersionDate "2019.06.03"]
[SourceQuality "1"]

1. d4 Nf6 2. c4 c5 3. Nf3 cxd4 4. Nxd4 e5 5. Nc2 d5 6. e3 Be7 7. Nc3 Be6 8. cxd5 Bxd5 9. Nxd5 Qxd5 10. Qxd5 Nxd5 11. Bb5+ Nd7 12. Ke2 Rd8 13. e4 N5b6 14. Be3 0-0 15. Rhd1 Nf6 16. f3 Rxd1 17. Rxd1 Rd8 18. Rd3 Rxd3 19. Kxd3 Nfd7 20. Bxd7 1-0

[Event "Montevideo Duchamp Cup 3rd"]
[Site "Montevideo"]
[Date "2019.02.10"]
[Round "3"]
[White "Munoz Perez, Rolando"]
[Black "Quevedo, Andreina"]
[Result "1-0"]
[WhiteElo "2122"]
[BlackElo "1819"]
[PlyCount "55"]
[EventDate "2019.02.09"]
[EventType "swiss"]
[EventRounds "9"]
[EventCountry "URU"]
[SourceTitle "CBM 188 Extra"]
[Source "ChessBase"]
[SourceDate "2019.02.26"]
[SourceVersion "1"]
[SourceVersionDate "2019.02.26"]
[SourceQuality "1"]

1. d4 Nf6 2. c4 g6 3. Nc3 Bg7 4. Nf3 0-0 5. Bg5 d6 6. e3 c5 7. d5 h6 8. Bh4 g5 9. Bg3 Nh5 10. Qc2 f5 11. Bd3 Na6 12. a3 Nc7 13. Rd1 Qe8 14. 0-0 a6 15. b4 b5 16. bxc5 Nxg3 17. hxg3 dxc5 18. e4 Qf7 19. cxb5 axb5 20. Nxb5 Nxb5 21. Bxb5 fxe4 22. Qxe4 Rxa3 23. d6 Be6 24. Rfe1 g4 25. Qxe6 gxf3 26. dxe7 Qxe6 27. exf8Q+ Bxf8 28. Rxe6 1-0

[Event "Capablanca Memorial op 53rd"]
[Site "Havana"]
[Date "2018.05.16"]
[Round "7"]
[White "Munoz Perez, Rolando"]
[Black "Sanchez Cabrera, Circe"]
[Result "1/2-1/2"]
[WhiteElo "2172"]
[BlackElo "2035"]
[PlyCount "44"]
[EventDate "2018.05.09"]
[EventType "swiss"]
[EventRounds "10"]
[EventCountry "CUB"]
[SourceTitle "EXT 2021"]
[Source "ChessBase"]
[SourceDate "2020.10.23"]
[SourceVersion "1"]
[SourceVersionDate "2020.10.23"]
[SourceQuality "1"]

1. d4 Nf6 2. c4 c5 3. Nf3 g6 4. Nc3 Bg7 5. d5 d6 6. e4 Nbd7 7. Bd3 a6 8. 0-0 0-0 9. h3 b5 10. cxb5 axb5 11. Bxb5 Ba6 12. Bxa6 Rxa6 13. Qc2 Qb6 14. Rb1 Raa8 15. b3 Qa5 16. Bb2 Nb6 17. Nd2 Nfd7 18. b4 Qxb4 19. Ba1 Qd4 20. Nf3 Qc4 21. Nd2 Qd4 22. Nf3 Qc4 1/2-1/2

[Event "Capablanca Memorial op-B 48th"]
[Site "Havana"]
[Date "2013.04.29"]
[Round "8"]
[White "Munoz Perez, Rolando"]
[Black "Leon Valdes, Jony Wilson"]
[Result "1/2-1/2"]
[WhiteElo "2195"]
[BlackElo "2206"]
[PlyCount "44"]
[EventDate "2013.04.21"]
[EventType "swiss"]
[EventRounds "9"]
[EventCountry "CUB"]
[SourceTitle "CBM 154 Extra"]
[Source "ChessBase"]
[SourceDate "2013.06.25"]
[SourceVersion "2"]
[SourceVersionDate "2013.06.25"]
[SourceQuality "1"]

1. c4 e6 2. d4 f5 3. g3 Nf6 4. Bg2 d5 5. Nh3 c6 6. 0-0 Be7 7. b3 0-0 8. Ba3 b5 9. Bxe7 Qxe7 10. Nd2 Ba6 11. Qc2 Nbd7 12. Nf4 Rac8 13. c5 e5 14. dxe5 Ng4 15. Nd3 Ngxe5 16. Nxe5 Nxe5 17. Nf3 Nxf3+ 18. Bxf3 Rc7 19. e3 Bc8 20. Rfd1 a5 21. Rd4 Bd7 22. a3 Be8 1/2-1/2

[Event "Santiago CC Aj Talcahuano-B"]
[Site "Santiago de Chile"]
[Date "2003.08.??"]
[Round "10"]
[White "Henriquez Pacheco, Daniel"]
[Black "Munoz Perez, Rolando"]
[Result "1-0"]
[WhiteElo "2174"]
[BlackElo "2191"]
[PlyCount "89"]
[EventDate "2003.08.??"]
[EventType "tourn"]
[EventRounds "10"]
[EventCountry "CHI"]
[SourceTitle "EXT 2004"]
[Source "ChessBase"]
[SourceDate "2003.11.25"]
[SourceVersion "1"]
[SourceVersionDate "2003.11.25"]
[SourceQuality "1"]

1. d4 Nf6 2. c4 g6 3. Nc3 Bg7 4. e4 d6 5. Be2 0-0 6. Bg5 c5 7. dxc5 dxc5 8. Qxd8 Rxd8 9. e5 Nfd7 10. f4 f6 11. exf6 exf6 12. Bh4 Nc6 13. 0-0-0 Nb6 14. Rxd8+ Nxd8 15. Ne4 Be6 16. b3 Nd7 17. Bf3 Nf7 18. Ne2 Re8 19. Bf2 b6 20. Rd1 g5 21. g3 g4 22. Bg2 Nf8 23. N4c3 f5 24. Kc2 h5 25. Rd2 Kh7 26. a4 Re7 27. a5 Kg6 28. Nb5 Bf6 29. Nec3 Bxc3 30. Kxc3 Bc8 31. Nxa7 Rxa7 32. axb6 Rd7 33. Bxc5 Rxd2 34. Kxd2 Nd7 35. Be3 Nd8 36. b4 Bb7 37. Bxb7 Nxb7 38. c5 Nd8 39. Kd3 Kf6 40. Kc4 Ke6 41. Bd4 Nb7 42. c6 Nd6+ 43. Kd3 Nxb6 44. Bxb6 Ne4 45. Bc5 1-0

[Event "Santiago CC Aj Talcahuano-B"]
[Site "Santiago de Chile"]
[Date "2003.08.??"]
[Round "1.1"]
[White "Riffo Paz, Elizardo"]
[Black "Munoz Perez, Rolando"]
[Result "1/2-1/2"]
[WhiteElo "2317"]
[BlackElo "2191"]
[PlyCount "48"]
[EventDate "2003.08.??"]
[EventType "tourn"]
[EventRounds "10"]
[EventCountry "CHI"]
[SourceTitle "EXT 2004"]
[Source "ChessBase"]
[SourceDate "2003.11.25"]
[SourceVersion "1"]
[SourceVersionDate "2003.11.25"]
[SourceQuality "1"]

1. e4 c5 2. c3 d6 3. Nf3 Nf6 4. Be2 g6 5. 0-0 Bg7 6. Qc2 0-0 7. d4 Qc7 8. dxc5 Qxc5 9. Be3 Qc7 10. c4 b6 11. Nc3 Bb7 12. Rac1 Nbd7 13. Qb1 Rfc8 14. b4 Rab8 15. h3 Qd8 16. Rfd1 Qf8 17. Nd4 Bh6 18. Bxh6 Qxh6 19. Nd5 Qf8 20. Qd3 e6 21. Nxf6+ Nxf6 22. Bf3 d5 23. exd5 exd5 24. cxd5 Bxd5 1/2-1/2